000 00317 a2200157 4500
001 191037
020 _a
040 _cMagnum
100 _aMaia, Ana Isabelle Aguiar
240 1 0 _aPensando bem
_lpor
245 1 0 _aPensando bem
300 _a24
362 0 _a2003
697 _aLITERATURA INFANTIL
942 _cBK
999 _c191037
_d191037